00462nam a2200169Ia 450000500170000000800410001702000180005804100120007608200130008810000280010124500490012925000120017826000420019030000230023265000230025565000140027820260429111951.0260429s9999||||xx |||||||||||||| ||und|| a9781260565843 aEnglish a547bSMI aSmith, Janice Gorzynski 0aOrganic chemistry / cJanice Gorzynski Smith a6th ed. aUnited States : bMcGraw Hill,c2020. axxvi, 1291 p.; pbk a Organic chemistry aChemistry